| 000 | 01398nam a22002417a 4500 | ||
|---|---|---|---|
| 005 | 20210325191650.0 | ||
| 008 | s2539 th tha d | ||
| 041 | _atha | ||
| 090 | _aว JQ1746.Z1 ป468ร 2539 | ||
| 100 | 0 | _aปรีชา ล่ามช้าง | |
| 245 | 1 | 0 | _aทัศนคติของข้าราชการมหาวิทยาลัยเชียงใหม่ในสาขาวิชาที่ขาดแคลนที่มีต่อระบบราชการ |
| 246 | _aThe attitudes of Chiang Mai University government officials in shortage fields of study towards government system | ||
| 260 | 3 |
_aเชียงใหม่ : _bมหาวิทยาลัยเชียงใหม่, _c2539 |
|
| 300 |
_a63 หน้า : _b ตาราง ; _c 29 ซม. |
||
| 650 | 0 | 4 | _aข้าราชการพลเรือนในมหาวิทยาลัย -- ทัศนคติ |
| 650 | 0 | 4 | _aมหาวิทยาลัยเชียงใหม่ -- ข้าราชการ -- ทัศนคติ |
| 650 | 0 | 4 | _aระบบราชการ -- ไทย -- ทัศนคติ -- วิจัย |
| 700 | 0 | _aปรีชา ล่ามช้าง | |
| 850 | _aNALT | ||
| 942 | _cRSH | ||
| 997 |
_c000000000029168 _kVC |
||
| 998 | _aนางสาวสายฝน ดีงาม | ||
| 999 |
_c29168 _d29168 |
||